| 000 -LEADER |
| fixed length control field |
01863nam a22002057a 4500 |
| 005 - DATE AND TIME OF LATEST TRANSACTION |
| control field |
20260203145649.0 |
| 008 - FIXED-LENGTH DATA ELEMENTS--GENERAL INFORMATION |
| fixed length control field |
260127b ||||| |||| 00| 0 eng d |
| 040 ## - CATALOGING SOURCE |
| Transcribing agency |
SSBUL |
| 041 ## - LANGUAGE CODE |
| Language code of text/sound track or separate title |
English |
| 082 ## - DEWEY DECIMAL CLASSIFICATION NUMBER |
| Edition number |
23 |
| Item number |
T-29 Ph.D |
| 100 0# - MAIN ENTRY--PERSONAL NAME |
| Personal name |
Aye Aye Chaw, |
| Numeration |
4 PhD-Hist-13. |
| 9 (RLIN) |
65764 |
| 245 10 - TITLE STATEMENT |
| Title |
Buddhism in Mandalay (1886-1948) / |
| Statement of responsibility, etc. |
Aye Aye Chaw. |
| 260 ## - PUBLICATION, DISTRIBUTION, ETC. |
| Place of publication, distribution, etc. |
Mandalay : |
| Name of publisher, distributor, etc. |
University of Mandalay, |
| Date of publication, distribution, etc. |
2010. |
| 300 ## - PHYSICAL DESCRIPTION |
| Extent |
xxvii, 185 p. , |
| Other physical details |
map, photo, |
| Dimensions |
29 cm. |
| 502 ## - DISSERTATION NOTE |
| Dissertation note |
This dissertation deals with the religious organizations in Mandalay during the colonial period. The study on the religion in colonial period Mandalay is based on four conditions which presumably were most important. They are: the advent of Buddhism in Myanmar and the tasks carried out by the successive Myanmar Kings for the Religion; the spread and development of Buddhist scripture, which is the lifeblood of Buddhism; the Sayadaws who strove for the long endurance of Pariyatti Sā-sa-na; and the institutions which supported and promoted Buddhism in the colonial period. The colonial period was a period of change for Buddhism, and monks in Mandalay encountered much difficulties and changes. How Buddhism in Mandalay survived in the colonial period is discussed in this dissertation. This is a dissertation written after conducting research by studying reliable primary evidence to find out the conditions of Buddhism and Buddhist organizations in Mandalay while it was ruled by the British. |
| Degree type |
Ph.D |
| Name of granting institution |
University of Mandalay |
| Year degree granted |
2010 |
| 504 ## - BIBLIOGRAPHY, ETC. NOTE |
| Bibliography, etc. note |
Included bibliography |
| 505 ## - FORMATTED CONTENTS NOTE |
| Formatted contents note |
Introduction<br/>Chapters<br/>1. Background History<br/>2. Canonical Study<br/>3. Celebrated Sayadaws<br/>4. Buddhist Associations<br/>Conclusion<br/>Map<br/>Photographs<br/>Appendices<br/>Bibliography |
| Statement of responsibility |
Aye Aye Chaw, |
| Title |
Buddhism in Mandalay (1886-1948). |
| 650 ## - SUBJECT ADDED ENTRY--TOPICAL TERM |
| Topical term or geographic name entry element |
Buddhism |
| General subdivision |
History. |
| 9 (RLIN) |
65904 |
| Chronological subdivision |
(1886–1948) |
| Geographic subdivision |
Mandalay |
| 942 ## - ADDED ENTRY ELEMENTS (KOHA) |
| Source of classification or shelving scheme |
|
| Koha item type |
Reference |